Geography Quiz

Random Geography or State Quiz

All US Cities Bordering Mexico Quiz Stats

 Plays Quiz not verified by Sporcle

Challenge
Share
Tweet
Embed
Score 0/26 Timer 05:00
0 Plays Today
Population City % Correct
1,307,402San Diego
96.5%
649,121El Paso
95.3%
236,091Laredo
74.9%
175,023Brownsville
73.3%
129,877McAllen
55.3%
20,837Nogales
43.3%
38,572Calexico
37.9%
35,591Del Rio
30.4%
26,248Eagle Pass
22.5%
17,378Douglas
20.4%
77,058Mission
15%
25,505San Luis
14.3%
70,400Pharr
12.2%
Population City % Correct
13,834Rio Grande City
11.5%
32,013Socorro
11.2%
26,324Imperial Beach
9.8%
4,429Presidio
7.7%
14,106Sunland Park
6.3%
9,765Roma
6.1%
11,198Hidalgo
5.9%
4,794Rio Bravo
3%
3,273El Cenizo
1.9%
1,188Escobares
1.9%
1,622La Grulla
1.4%
240Progreso Lakes
0.9%
7,302La Feria
0.7%

You're not logged in!

Compare scores with friends on all Sporcle quizzes.
OR
Log In

You Might Also Like...

Show Comments

Extras

Top Quizzes Today


Score Distribution

Your Account Isn't Verified!

In order to create a playlist on Sporcle, you need to verify the email address you used during registration. Go to your Sporcle Settings to finish the process.

Report this User

Report this user for behavior that violates our Community Guidelines.

Details: